[Event "Østlandsserien 2014/2015, 3. div. C"]
[Site "Oslo NOR"]
[Date "2015.02.08"]
[Round "4"]
[White "Ruud, Svein E"]
[Black "Fuglseth, Jan"]
[Result "0-1"]
[WhiteElo "1459"]
[BlackElo "1404"]
[Annotator "Furnes, Torstein"]
[PlyCount "90"]
[EventDate "2014.11.02"]
[Board "4"]
[WhiteTeam "Stjernen 2"]
[BlackTeam "Follo 2"]

1. d4 Nf6 2. e3 e6 3. Nf3 c5 4. c3 Nc6 5. Bd3 d5 6. O-O Bd6 7. Re1 O-O 8. Nbd2
Qc7 9. e4 dxe4 10. Nxe4 Nxe4 11. Bxe4 Bd7 12. Bxh7+ Kh8 (12... Kxh7 13. Ng5+
Kg6 $17) 13. Ng5 g6 14. Re4 Kg7 15. Rh4 f6 16. Qd3 (16. Bxg6 $1 Rh8 (16... Kxg6
17. Qh5+ Kg7 (17... Kf5 18. Ne4#) 18. Qh7#) (16... fxg5 17. Rh7+ Kxg6 18. Qh5+
Kf5 19. Rf7+ Rxf7 20. Qxf7+ Kg4 21. f3+ Kh4 22. Qh7#) 17. Nh7 $1 Kxg6 18. Qh5+
Kg7 19. Rg4#) 16... f5 17. Qe3 (17. Bxg6 $1 Kxg6 18. Qh3 Kf6 19. Rh7 cxd4 20.
Qh6+ Ke5 21. c4 Be7 22. Bf4+ Kxf4 23. Re1 Bxg5 24. g3+ Kg4 25. Qh5#) 17... f4
18. Qe4 Rf5 19. Nxe6+ Bxe6 20. Qxe6 Rf6 21. Qg4 Qf7 22. Qg5 Kf8 23. Bd2 Be7 24.
Re1 cxd4 25. cxd4 Bd6 26. Rh6 Kg7 27. Bc3 Re8 28. Rxe8 Qxe8 29. d5 Nd4 30.
Rxg6+ (30. Bxg6 Rxg6 31. Bxd4+ Kg8 32. Rh8+ Kf7 33. Rh7+ Kg8 34. Rg7+ Kf8 35.
Qf5+ Rf6 36. Qxf6+ Qf7 37. Qxf7#) 30... Rxg6 $18 31. Bxd4+ $2 $19 (31. Bxg6
Qxg6 32. Bxd4+ Kf7 33. Qxg6+ Kxg6 34. Kf1 $18) 31... Kxh7 32. Qh5+ Kg8 33. Qh8+
Kf7 34. Qh7+ Kf8 35. Qh8+ Ke7 36. Qh7+ Kd8 37. Bc3 Qg8 38. Qh4+ Kc7 39. Qh3 Rg5
40. Bf6 Rxd5 41. Qb3 Qe6 42. Bc3 Qe4 43. h3 Qd3 44. Qa4 f3 45. Qg4 Qd1+ 0-1

[Event "Østlandsserien 2014/2015, 3. div. C"]
[Site "Ås, Akershus NOR"]
[Date "2015.03.08"]
[Round "5"]
[White "Fredriksen, Jan Gunnar"]
[Black "Moberg, Jan Rune"]
[Result "1/2-1/2"]
[WhiteElo "1757"]
[BlackElo "1516"]
[PlyCount "60"]
[EventDate "2014.11.02"]
[Board "1"]
[WhiteTeam "Akademisk 2"]
[BlackTeam "Follo 2"]

1. b3 c5 2. Bb2 d5 3. e3 Bf5 4. Nf3 Nf6 5. d4 e6 6. Bd3 Bg6 7. O-O Nc6 8. Ne5
cxd4 9. exd4 Bd6 10. Re1 Bxe5 11. dxe5 Nd7 12. f4 Nc5 13. Bxg6 hxg6 14. Re3 Qb6
15. Bd4 Nxd4 16. Qxd4 Nd7 17. Qxb6 Nxb6 18. a4 Rc8 19. a5 Nd7 20. a6 bxa6 21.
Rxa6 Nb8 22. Rxa7 Rxc2 23. Rc3 Rxc3 24. Nxc3 O-O 25. Nb5 Nc6 26. Rc7 Nb4 27. g3
g5 28. Kg2 gxf4 29. gxf4 Rb8 30. Nd6 Nd3 1/2-1/2

[Event "Østlandsserien 2014/2015, 3. div. C"]
[Site "Ås, Akershus NOR"]
[Date "2015.03.08"]
[Round "5.2"]
[White "Støle, Andreas"]
[Black "Johansen, Pål Hermunn"]
[Result "1/2-1/2"]
[WhiteElo "1498"]
[BlackElo "1710"]
[Annotator "Furnes, Torstein"]
[PlyCount "64"]
[EventDate "2014.11.02"]
[WhiteTeam "Follo 2"]
[BlackTeam "Akademisk 2"]

1. e4 e5 2. f4 d5 3. exd5 exf4 4. Bc4 Qh4+ 5. Kf1 Bd6 6. Nf3 Qf6 7. Nc3 Ne7 8.
Ne4 Qh6 9. Nxd6+ cxd6 10. b3 O-O 11. Bb2 Bg4 12. Qe2 Nf5 13. Qf2 Ng3+ 14. Kg1
Nxh1 15. Kxh1 Nd7 16. Rf1 Nb6 17. h3 Nxc4 18. bxc4 Rfe8 19. Nd4 Bd7 20. a4 a6
21. a5 Rac8 22. d3 g5 23. Ne2 Re7 24. Qd4 f6 25. Nc3 Bf5 (25... Bxh3 $1 26. Ne4
(26. gxh3 Qxh3+ 27. Kg1 Qg3+ 28. Kh1 Qh4+ 29. Kg1 Re3 $19) 26... Bf5+ 27. Kg1
Bxe4 28. dxe4 g4 $19) 26. Ba3 Re3 (26... Bxh3 $1 $19) 27. Bc1 Rxh3+ $2 (27...
Rg3 $1 28. Ne2 Bxh3 (28... Rxg2 29. Kxg2 Bxh3+ 30. Kg1 Bxf1 31. Kxf1 Qh3+ 32.
Ke1 Re8 $19) 29. Nxg3 fxg3 30. Re1 Bd7+ 31. Kg1 Ba4 $19) 28. gxh3 Qxh3+ 29. Kg1
Qg3+ 30. Kh1 Qh3+ 31. Kg1 Qg3+ 32. Kh1 Qh3+ 1/2-1/2

[Event "Østlandsserien 2014/2015, 3. div. C"]
[Site "Ås, Akershus NOR"]
[Date "2015.03.08"]
[Round "5"]
[White "Søreng, Eirik"]
[Black "Fuglseth, Jan"]
[Result "1/2-1/2"]
[WhiteElo "1656"]
[BlackElo "1404"]
[PlyCount "82"]
[EventDate "2014.11.02"]
[Board "3"]
[WhiteTeam "Akademisk 2"]
[BlackTeam "Follo 2"]

1. c4 e5 2. g3 Nc6 3. Nc3 b6 4. Bg2 Ba6 5. Qa4 Bb7 6. e3 Nf6 7. Nge2 Be7 8. O-O
O-O 9. f4 exf4 10. Nxf4 Na5 11. Bxb7 Nxb7 12. Qc2 c6 13. b3 d5 14. cxd5 cxd5
15. Nce2 Rc8 16. Qf5 Nd6 17. Qd3 Nde4 18. Bb2 Qd6 19. Rac1 Rxc1 20. Rxc1 Rd8
21. Nd4 Nc5 22. Qf5 Nfe4 23. Nf3 Bf6 24. Bxf6 Qxf6 25. Qxf6 Nxf6 26. b4 Ne6 27.
Nxe6 fxe6 28. Rc7 Nd7 29. Nd4 Nf8 30. Nc6 Rd7 31. Rxd7 Nxd7 32. Nxa7 Kf7 33.
Nc6 e5 34. d4 e4 35. a4 Ke6 36. b5 Kd6 37. Kf2 g5 38. g4 Nf6 39. h3 Ne8 40. Kg3
h6 41. Ne5 Ke6 1/2-1/2

[Event "Østlandsserien 2014/2015, 3. div. C"]
[Site "Ås, Akershus NOR"]
[Date "2015.03.08"]
[Round "5"]
[White "Brenden, Torbjørn"]
[Black "Chikwati, Elvis"]
[Result "0-1"]
[WhiteElo "1413"]
[BlackElo "1526"]
[PlyCount "62"]
[EventDate "2014.11.02"]
[Board "4"]
[WhiteTeam "Follo 2"]
[BlackTeam "Akademisk 2"]

1. d4 Nf6 2. Nf3 d6 3. g3 g6 4. Bg2 Bg7 5. O-O Bg4 6. b3 Nc6 7. Bb2 Qd7 8. Re1
Bh3 9. Bh1 h6 10. Nbd2 O-O 11. e4 Ng4 12. Nc4 Rad8 13. d5 Nce5 14. Nfxe5 dxe5
15. f3 b5 16. Na5 Qd6 17. Nc6 Qc5+ 18. Bd4 exd4 19. b4 Qb6 20. Qd3 Ne5 21. Nxe5
Bxe5 22. f4 Bg7 23. e5 Bf5 24. Be4 Bxe4 25. Rxe4 Rxd5 26. Rae1 e6 27. Kg2 Rfd8
28. h4 a5 29. a3 c5 30. bxc5 Rxc5 31. Rxd4 Rxd4 0-1

[Event "Østlandsserien 2014/2015, 4. div. D"]
[Site "Nittedal, Akershus NOR"]
[Date "2014.11.02"]
[Round "1"]
[White "Sæthre, Magnus"]
[Black "Ruud, Kjetil"]
[Result "0-1"]
[WhiteElo "599"]
[BlackElo "1301"]
[PlyCount "58"]
[EventDate "2014.11.02"]
[Board "2"]
[WhiteTeam "Nittedal 2"]
[BlackTeam "Follo 3"]

1. d4 d5 2. c4 dxc4 3. Bf4 c6 4. Nf3 b5 5. a3 e6 6. Nc3 a5 7. e3 a4 8. h3 Bd6
9. Bxd6 Qxd6 10. Be2 f5 11. O-O Nf6 12. Qc2 Nd5 13. Nxd5 cxd5 14. Ne5 Nd7 15.
Nxd7 Bxd7 16. f4 O-O-O 17. h4 h6 18. Kf2 g5 19. g3 Rhg8 20. Rg1 Qe7 21. Rh1 Rg7
22. Rag1 Rdg8 23. hxg5 hxg5 24. Qd1 gxf4 25. gxf4 Rxg1 26. Rxg1 Qh4+ 27. Kf3
Qh3+ 28. Kf2 Qh2+ 29. Kf3 Rxg1 0-1

[Event "Østlandsserien 2014/2015, 4. div. D"]
[Site "Oslo NOR"]
[Date "2015.01.11"]
[Round "3"]
[White "Ruud, Kjetil"]
[Black "Ondo, Shaun"]
[Result "0-1"]
[WhiteElo "1301"]
[BlackElo "1593"]
[PlyCount "88"]
[EventDate "2014.11.02"]
[Board "1"]
[WhiteTeam "Follo 3"]
[BlackTeam "OSS 9"]

1. e4 c5 2. f4 e5 3. Nf3 exf4 4. Bc4 Nc6 5. d3 Bd6 6. Nc3 Nd4 7. Nd5 b5 8. Bb3
Ne6 9. e5 Bc7 10. Nxf4 Bb7 11. Nd5 Ne7 12. Nxc7+ Qxc7 13. c3 Bxf3 14. Qxf3
Qxe5+ 15. Be3 O-O 16. O-O d5 17. d4 cxd4 18. Bd2 Qd6 19. Bc2 dxc3 20. Bxc3 b4
21. Qd3 Ng6 22. Bd2 Rac8 23. Be3 d4 24. Bb3 Rfd8 25. Qf5 Qe7 26. Bd2 Rc5 27.
Qf3 a5 28. Rae1 Qd7 29. Re4 Re5 30. Rxe5 Nxe5 31. Qf5 Qd6 32. Bf4 Nxf4 33. Qxf4
Rd7 34. Re1 Re7 35. Qf5 g6 36. Qf4 d3 37. Qe4 Nf3+ 38. Qxf3 Rxe1+ 39. Kf2 Re7
40. h4 Qd4+ 41. Kf1 d2 42. g3 Re1+ 43. Kg2 Qg1+ 44. Kh3 Qf1+ 0-1

[Event "Østlandsserien 2014/2015, 4. div. D"]
[Site "Oslo NOR"]
[Date "2015.02.08"]
[Round "4"]
[White "Støle, Andreas"]
[Black "Nurmi, Timo"]
[Result "0-1"]
[WhiteElo "1498"]
[BlackElo "1869"]
[PlyCount "112"]
[EventDate "2014.11.02"]
[Board "1"]
[WhiteTeam "Follo 3"]
[BlackTeam "Kampen"]

1. e4 g6 2. Nf3 Bg7 3. Bc4 c6 4. Nc3 d6 5. h3 Nf6 6. O-O O-O 7. d4 b5 8. Bd3 a6
9. Bg5 Qc7 10. Qd2 Nbd7 11. Bh6 Bb7 12. Bxg7 Kxg7 13. a4 b4 14. Na2 c5 15. Qe2
Rfc8 16. c4 bxc3 17. Nxc3 c4 18. Bc2 e6 19. e5 Nd5 20. Nxd5 Bxd5 21. exd6 Qxd6
22. Ne5 Nxe5 23. dxe5 Qc6 24. Qg4 Qc7 25. Rfe1 Rab8 26. Rab1 Rb7 27. Be4 Qc6
28. Bxd5 Qxd5 29. Qe2 Rb4 30. Qc2 Rb3 31. Ra1 Qd4 32. Ra2 Rc5 33. Qe2 Rd3 34.
Ra3 Rd2 35. Qe3 Qxe3 36. Rexe3 Rxb2 37. Rec3 a5 38. f4 Rb4 39. Kf2 f6 40. exf6+
Kxf6 41. Ra1 Kf5 42. Ke3 h5 43. Kf3 h4 44. g4+ hxg3 45. Kxg3 Rb3 46. Rac1 Rxc3+
47. Rxc3 Ke4 48. Kf2 Kd4 49. Rc1 c3 50. Ke2 Rc4 51. Rg1 Rxa4 52. Rxg6 Ra1 53.
Rxe6 c2 54. Rd6+ Ke4 55. Rc6 c1=Q 56. Rxc1 Rxc1 0-1

[Event "Østlandsserien 2014/2015, 4. div. D"]
[Site "Oslo NOR"]
[Date "2015.02.08"]
[Round "4"]
[White "Gressli, Kristoffer"]
[Black "Olsen, Trygve"]
[Result "1/2-1/2"]
[WhiteElo "1589"]
[BlackElo "1240"]
[PlyCount "134"]
[EventDate "2014.11.02"]
[Board "2"]
[WhiteTeam "Kampen på brettet"]
[BlackTeam "Follo 3"]

1. e4 c5 2. Nc3 Nc6 3. d3 e5 4. Nf3 d6 5. h3 Nd4 6. Nd5 Ne6 7. Be2 Nf6 8. Bd2
Nxd5 9. exd5 Nc7 10. c4 Be7 11. Qc2 Bd7 12. O-O-O b5 13. g4 b4 14. Rdg1 a5 15.
a4 bxa3 16. bxa3 a4 17. Kd1 Rb8 18. Bc1 Rb3 19. Nd2 Qb8 20. Nxb3 axb3 21. Qb2
Bh4 22. Ke1 O-O 23. Bd1 Ba4 24. g5 f6 25. Rg2 f5 26. Kf1 g6 27. Qc3 Rf7 28. Bb2
Ne8 29. f4 Rb7 30. Rhg1 Ng7 31. fxe5 dxe5 32. Re2 e4 33. dxe4 Qf4+ 34. Kg2 fxe4
35. Rf1 Qxg5+ 36. Kh1 Qe7 37. Rf4 g5 38. Rfxe4 Qd8 39. Rg2 Qf8 40. Bg4 h6 41.
Qe5 Kh7 42. d6 Bc6 43. d7 Rb8 44. Rd2 Rd8 45. Kh2 h5 46. Be6 Bxe4 47. Qxe4+ Kh6
48. Bc3 Qe7 49. Ba5 Qxe6 50. Qxe6+ Nxe6 51. Bxd8 Nxd8 52. Rb2 Kg6 53. Rxb3 Kf6
54. Rb5 Bf2 55. a4 Ke7 56. a5 Kxd7 57. a6 Nc6 58. a7 Nxa7 59. Rb7+ Ke6 60. Rxa7
h4 61. Kg2 Bd4 62. Kf3 Kf5 63. Rd7 Ke6 64. Rd5 Kf6 65. Kg4 Be3 66. Kf3 Bd4 67.
Kg4 Be3 1/2-1/2

[Event "Østlandsserien 2014/2015, 4. div. D"]
[Site "Oslo NOR"]
[Date "2015.02.08"]
[Round "4"]
[White "Thowsen, Alf Geir"]
[Black "Jørgensen, Asle"]
[Result "0-1"]
[WhiteElo "1224"]
[BlackElo "1416"]
[Annotator "Furnes, Torstein"]
[PlyCount "92"]
[EventDate "2014.11.02"]
[Board "3"]
[WhiteTeam "Follo 3"]
[BlackTeam "Kampen på brettet"]

1. d4 Nf6 2. c4 e6 3. Nc3 d5 4. cxd5 exd5 5. Nf3 Bb4 6. Qa4+ Nc6 7. Ne5 Bxc3+
8. bxc3 Bd7 9. Nxd7 Qxd7 10. Ba3 Ne4 11. Qc2 Na5 12. e3 Nd6 13. Bd3 O-O-O 14.
O-O g6 15. Rab1 Nac4 16. Rb3 Qa4 17. Bxd6 Rxd6 18. Qe2 a5 19. Rfb1 b6 20. e4
Na3 21. Bb5 Nxb5 22. Rxb5 dxe4 23. Re5 f5 24. Qa6+ Kd7 25. Qe2 Qc6 26. Qd2 Re8
27. d5 Qc4 28. Rxe8 Kxe8 29. Rd1 c6 30. Qf4 Rxd5 31. Qb8+ Ke7 32. Qc7+ Kf6 33.
Rxd5 Qxd5 34. g4 Qd1+ 35. Kg2 Qxg4+ 36. Kf1 Qd1+ 37. Kg2 Qd5 38. Qxb6 e3+ 39.
Kf1 Qd1+ 40. Kg2 e2 41. Qxc6+ Kg5 42. Qc7 {I denne stillingen matter svart
raskest ved å velge springerforvandling !} Qf1+ (42... e1=N+ 43. Kg1 Nf3+ 44.
Kg2 Nh4+ 45. Kg3 Qf3#) 43. Kf3 {Igjen er det springerforvandling som matter
raskest.} e1=Q (43... e1=N+ 44. Ke3 (44. Kg3 Qg2#) 44... Qd3#) 44. Qg3+ Kh6 45.
Qf4+ g5 46. Qd6+ Kh5 0-1

[Event "Østlandsserien 2014/2015, 4. div. D"]
[Site "Oslo NOR"]
[Date "2015.02.08"]
[Round "4"]
[White "Hem, Geir"]
[Black "Aalmo, Alexander"]
[Result "0-1"]
[WhiteElo "1370"]
[BlackElo "1147"]
[PlyCount "92"]
[EventDate "2014.11.02"]
[Board "4"]
[WhiteTeam "Kampen"]
[BlackTeam "Follo 3"]

1. d4 d5 2. Nf3 Nf6 3. Bf4 e6 4. e3 c5 5. c3 Nc6 6. Bd3 c4 7. Bc2 Bd6 8. Bxd6
Qxd6 9. Nbd2 e5 10. dxe5 Nxe5 11. Nxe5 Qxe5 12. Ba4+ Bd7 13. Bxd7+ Nxd7 14. Nf3
Qe4 15. O-O a6 16. Qd4 O-O 17. Qxe4 dxe4 18. Nd2 Ne5 19. Nxe4 Rfd8 20. Rfd1 Nd3
21. Rab1 Rd5 22. Nd2 b5 23. Nf3 Rad8 24. Kf1 g5 25. e4 Rc5 26. Ne1 Re5 27. Nxd3
cxd3 28. f3 f5 29. exf5 Rxf5 30. h3 h5 31. Rd2 g4 32. hxg4 hxg4 33. Kf2 Kf7 34.
Rbd1 gxf3 35. gxf3 Rfd5 36. Ke3 Re8+ 37. Kf4 Kf6 38. Rxd3 Rf5+ 39. Kg3 Re2 40.
Rd6+ Kg5 41. R1d2 Re3 42. R6d3 $4 Rfxf3+ 43. Kh2 Rxd3 44. Rg2+ Kh4 45. Re2 Rh3+
46. Kg1 Rdg3+ 0-1

[Event "Østlandsserien 2014/2015, 4. div. D"]
[Site "Ås, Akershus NOR"]
[Date "2015.03.08"]
[Round "5"]
[White "Sem-Johansen, Åsmund"]
[Black "Simonsen, Steinar"]
[Result "1/2-1/2"]
[WhiteElo "1665"]
[BlackElo "1300"]
[Annotator "Lea,Per"]
[PlyCount "79"]
[EventDate "2014.11.02"]
[Board "1"]
[WhiteTeam "Groruddalen 1"]
[BlackTeam "Follo 3"]

1. e4 e6 2. d3 d5 3. exd5 exd5 4. d4 Nf6 5. Nf3 Be6 6. Bd3 c5 7. dxc5 Bxc5 8.
O-O h6 9. b3 Nc6 10. Ba3 Bxa3 11. Nxa3 a6 12. Nb1 Rc8 13. a3 O-O 14. Nbd2 Bg4
15. Re1 Re8 16. Rxe8+ Qxe8 17. Qf1 Ne4 18. Re1 Bf5 19. Qe2 Qf8 20. Nxe4 dxe4
21. Bxe4 Bxe4 22. Qxe4 Qxa3 23. Qf5 Rd8 24. h3 Qd6 25. Re3 Ne7 26. Qa5 Nc6 27.
Qc3 Qf4 28. Re1 Qd6 29. g3 Qd7 30. Kh2 Qf5 31. Re3 Rc8 32. Qd3 Qf6 (32... Qxd3
33. cxd3 Rd8 {og hvit har svekket bondestillingen sin}) 33. Kg2 Nb4 34. Qd7 Qc6
35. Qxc6 Rxc6 36. c4 a5 37. Re7 b6 38. Ne5 Rf6 39. Re8+ Kh7 40. Re7 1/2-1/2

[Event "Østlandsserien 2014/2015, 4. div. D"]
[Site "Ås, Akershus NOR"]
[Date "2015.03.08"]
[Round "5"]
[White "Olsen, Trygve"]
[Black "Stene, Thomas"]
[Result "0-1"]
[WhiteElo "1240"]
[BlackElo "1622"]
[PlyCount "78"]
[EventDate "2014.11.02"]
[Board "2"]
[WhiteTeam "Follo 3"]
[BlackTeam "Groruddalen 1"]

1. f4 d5 2. d4 Nf6 3. e3 Bf5 4. Be2 e6 5. Nd2 Nbd7 6. c4 c6 7. a3 Be7 8. b4
dxc4 9. Nxc4 O-O 10. Nf3 Ne4 11. O-O Nc3 12. Qe1 Nxe2+ 13. Qxe2 Nf6 14. Ncd2 a5
15. e4 Bg4 16. Bb2 axb4 17. axb4 Rxa1 18. Rxa1 Bxb4 19. Qc4 Bxf3 20. Nxf3 Qb6
21. Qc2 h6 22. h3 Rd8 23. Kh2 Qc7 24. e5 Nd5 25. f5 exf5 26. Qxf5 Qd7 27. Qe4
b5 28. Nh4 Nc3 29. Bxc3 Bxc3 30. Rd1 Bxd4 31. Kh1 c5 32. Nf5 Qc7 33. e6 fxe6
34. Qxe6+ Kh8 35. Rf1 Qe5 36. Qb6 Rf8 37. Qg6 c4 38. g4 Qe4+ 39. Kh2 Qe2+ 0-1

[Event "Østlandsserien 2014/2015, 4. div. D"]
[Site "Ås, Akershus NOR"]
[Date "2015.03.08"]
[Round "5"]
[White "Aalmo, Alexander"]
[Black "Johansen, Ove"]
[Result "1/2-1/2"]
[WhiteElo "1147"]
[BlackElo "1218"]
[Annotator "Lea,Per"]
[PlyCount "105"]
[EventDate "2014.11.02"]
[Board "4"]
[WhiteTeam "Follo 3"]
[BlackTeam "Groruddalen 1"]

1. d4 d5 2. Nf3 Nf6 3. Bg5 e6 4. e3 Be7 5. c4 O-O 6. Nc3 h6 7. Bh4 b6 8. Qc2
Nc6 9. a3 Bb7 10. Bd3 dxc4 11. Bxc4 Na5 12. Be2 Nd5 13. Bg3 Rc8 14. O-O c5 15.
Nxd5 Bxd5 16. Ba6 Bb7 17. Bxb7 Nxb7 18. Qe4 Nd6 19. Bxd6 Qxd6 20. Rfd1 cxd4 21.
Rxd4 Qc5 22. g3 Qb5 23. Rd2 Bf6 24. Nd4 Bxd4 25. Qxd4 Rfd8 26. Qb4 (26. Qxd8+
Rxd8 27. Rxd8+ Kh7 28. b4 $14) 26... Qxb4 27. Rxd8+ Rxd8 28. axb4 Rd2 29. Rxa7
Rxb2 30. Ra8+ Kh7 31. Ra7 Kg6 32. Rb7 Rxb4 33. Kg2 h5 34. h3 f5 35. Kf3 Rb2 36.
Rb8 b5 37. Rb6 Kf6 38. h4 b4 39. Rb8 b3 40. Rf8+ Kg6 41. Rb8 Rb1 42. Rb6 Kf6
43. Kf4 Rf1 44. Kf3 Rb1 45. Kf4 b2 46. Kf3 g6 47. Ke2 g5 48. hxg5+ Kxg5 49. Rb8
Kg4 50. Rb4+ Kh3 51. Kf3 Kh2 52. Rh4+ Kg1 53. Rb4 1/2-1/2

[Event "Østlandsserien 2014/2015, 4. div. B"]
[Site "Ås, Akershus NOR"]
[Date "2014.12.07"]
[Round "2"]
[White "Berge, Simen"]
[Black "Thorvaldsen, Thomas"]
[Result "1-0"]
[WhiteElo "1413"]
[BlackElo "973"]
[PlyCount "93"]
[EventDate "2014.11.02"]
[Board "3"]
[WhiteTeam "Moss 3"]
[BlackTeam "Follo 4"]

1. Nf3 d5 2. c4 Nf6 3. d4 e6 4. Nc3 Be7 5. Bg5 c6 6. e3 Nbd7 7. Bd3 h6 8. Bf4
Nb6 9. c5 Nbd7 10. h3 O-O 11. O-O Re8 12. b4 a5 13. b5 Bxc5 14. dxc5 e5 15.
Nxe5 Nxe5 16. Bc2 Bd7 17. a4 Qe7 18. Qd4 Ng6 19. Bd6 Qe6 20. bxc6 bxc6 21. Bxg6
fxg6 22. Rab1 Ne4 23. Nxe4 Qxe4 24. Qc3 Qxa4 25. Rb7 Rad8 26. Ra1 Qh4 27. Rxa5
Qf6 28. Qxf6 gxf6 29. Raa7 Kf7 30. Rxd7+ Rxd7 31. Rxd7+ Ke6 32. Rc7 d4 33. exd4
Kd5 34. Kf1 f5 35. f3 h5 36. Be5 Re6 37. Kf2 Kc4 38. h4 Kd3 39. Kg3 Ke2 40. Bd6
Kd3 41. Be5 Ke2 42. Kf4 Kf2 43. g4 hxg4 44. fxg4 fxg4 45. Kxg4 Ke3 46. Kg5 Ke4
47. Rg7 1-0

[Event "Østlandsserien 2014/2015, 4. div. B"]
[Site "Ås, Akershus NOR"]
[Date "2014.12.07"]
[Round "2"]
[White "Lange, Magnus Øyvind"]
[Black "Aasen, Oddvar"]
[Result "0-1"]
[WhiteElo "747"]
[BlackElo "1123"]
[PlyCount "54"]
[EventDate "2014.11.02"]
[Board "4"]
[WhiteTeam "Follo 4"]
[BlackTeam "Moss 3"]

1. d4 d5 2. Nc3 Nf6 3. Nf3 e6 4. Bf4 a6 5. e3 Bd6 6. Bxd6 Qxd6 7. g3 Nbd7 8.
Bg2 O-O 9. O-O b5 10. b3 Bb7 11. Ne2 c5 12. c3 Rfe8 13. Re1 e5 14. Nd2 e4 15.
Nf4 c4 16. f3 Re7 17. fxe4 Nxe4 18. Nxe4 dxe4 19. Qg4 Nf6 20. Qh3 Rae8 21. Rf1
Bc8 22. Qh4 Ng4 23. Rae1 h6 24. Ne2 Kh7 25. Rf4 g5 26. Bxe4+ Rxe4 27. Rxf7+ Kg6
0-1

[Event "Østlandsserien 2014/2015, 4. div. B"]
[Site "Fredrikstad, Østfold NOR"]
[Date "2015.01.11"]
[Round "3"]
[White "Svebestad, Erlend"]
[Black "Olsen, Øystein Leif"]
[Result "0-1"]
[WhiteElo "1360"]
[BlackElo "1812"]
[PlyCount "56"]
[EventDate "2014.11.02"]
[Board "1"]
[WhiteTeam "Follo 4"]
[BlackTeam "Fredriksstad 2"]

1. e4 c5 2. Nc3 Nc6 3. Nf3 g6 4. Bc4 Bg7 5. O-O Nf6 6. d3 O-O 7. Re1 d6 8. h3
Na5 9. Bb3 Nxb3 10. axb3 Be6 11. Ng5 Bd7 12. Nf3 h6 13. e5 dxe5 14. Nxe5 Be6 $2
15. Nxg6 $1 Re8 16. Nf4 Bd7 17. Be3 (17. Nh5 $1 Nxh5 18. Qxh5 Qb6 19. Re3 $18)
17... b6 18. Qd2 (18. Nh5 $1) 18... Bc6 19. Ra2 $2 e5 20. Nfe2 Kh7 21. Ng3 Qd7
22. Nce4 Qe6 23. Nxf6+ Qxf6 24. Nh5 Qg6 25. Ng3 (25. g4 f5 26. Qe2 $11) 25...
f5 26. Bxc5 bxc5 27. Ra6 Re6 28. Qa5 f4 0-1

[Event "Østlandsserien 2014/2015, 4. div. B"]
[Site "Fredrikstad, Østfold NOR"]
[Date "2015.01.11"]
[Round "3"]
[White "Larsen, Bjørn"]
[Black "Bø, Martin"]
[Result "1-0"]
[WhiteElo "1510"]
[BlackElo "1174"]
[Annotator "Bø, Martin"]
[PlyCount "59"]
[EventDate "2014.11.02"]
[Board "2"]
[WhiteTeam "Fredriksstad 2"]
[BlackTeam "Follo 4"]

1. e4 c6 2. d4 d5 3. Nc3 dxe4 4. Nxe4 Bf5 5. Ng3 Bg6 6. Nf3 Nf6 7. h4 h6 8. h5
Bh7 9. Bd3 Bxd3 10. Qxd3 e6 11. Bd2 Bd6 12. O-O-O O-O 13. Ne4 Nxe4 14. Qxe4 Nd7
15. Rdg1 Nf6 16. Qe2 b5 {Unøyaktig} (16... Be7 17. Kb1 Qd5 18. g4 Ne4 19. Bxh6
gxh6 20. c4 Nd2+ 21. Nxd2 Qxd4 22. Ne4 {Helt likt, 0,03}) 17. g4 Nh7 {Litt
rart trekk, men etter unøyaktigheten b5 er dette Sh7 det beste trekket i følge
Fritz14. Gir hvit +1,4} 18. g5 hxg5 19. Nxg5 Qf6 {En solid bukk i følge
Fritz14, der 20. Se4 taper umiddelbart. Heldigvis fant verken jeg eller
motstanderen min dette trekket} 20. Nxh7 (20. Ne4 Qe7 21. Bh6 f5 22. Rxg7+ Qxg7
23. Bxg7 Bf4+ 24. Kb1 Kxg7) 20... Kxh7 {Satt å venta på Tg6, som ville gitt
meg vesentlig mye større problemer, og gir hvit +3,5} 21. Rg4 (21. Rg6 Qxd4 22.
Bc3 Bf4+ 23. Kb1 Qd5 24. Rxg7+ Kh6 25. Rhg1) 21... Rg8 22. Rhg1 e5 23. Qd3+ {
Hvit burde fortsatt spilt Tg6} Kh8 24. c3 exd4 25. cxd4 {Her er stillingen
helt lik ved perfekt spill, men i praksis er det nok mye lettere å spille hvit}
a6 26. f4 c5 27. dxc5 Bxc5 28. Bc3 Qh6 {Kjempetabben som taper partiet. Tenkte
at jeg måtte beskytte g7, men så fort at dette ikke hjalp} (28... Rad8 29. Bxf6
Rxd3 30. Rxg7 Rxg7 31. Rxg7 Rd6 32. Rxf7+ Kg8 33. Rg7+ Kf8 34. Bc3) 29. Rxg7
Rxg7 30. Bxg7+ 1-0

[Event "Østlandsserien 2014/2015, 4. div. B"]
[Site "Oslo NOR"]
[Date "2015.02.08"]
[Round "4"]
[White "Bø, Martin"]
[Black "Wanvik, Tim"]
[Result "1-0"]
[WhiteElo "1174"]
[BlackElo "984"]
[Annotator "Bø, Martin"]
[PlyCount "39"]
[EventDate "2014.11.02"]
[Board "1"]
[WhiteTeam "Follo 4"]
[BlackTeam "OSS 7"]

1. e4 {[%emt 0:00:00]} c5 2. Nf3 Nc6 3. d4 cxd4 4. Nxd4 Nf6 5. Nc3 e5 6. Nb3 (
6. Ndb5 d6 7. Bg5 a6 8. Na3 b5 9. Nd5 Be7 10. Bxf6 Bxf6) 6... Bb4 7. Bd3 O-O 8.
Bd2 Bxc3 9. Bxc3 b6 10. Qd2 Bb7 11. f3 Qc7 12. O-O-O Rad8 13. g4 Rfe8 14. h4 a5
15. Kb1 d5 16. exd5 Nxd5 17. h5 Nxc3+ 18. Qxc3 Nd4 (18... Qe7 19. Be4) 19. Qxc7
Bxf3 20. Nxd4 1-0

[Event "Østlandsserien 2014/2015, 4. div. B"]
[Site "Oslo NOR"]
[Date "2015.02.08"]
[Round "4"]
[White "Ski, Jonathan K"]
[Black "Thorvaldsen, Thomas"]
[Result "1-0"]
[WhiteElo "1069"]
[BlackElo "1006"]
[Annotator "Lea, Per"]
[PlyCount "57"]
[EventDate "2014.11.02"]
[Board "2"]
[WhiteTeam "O.S.S. - putt"]
[BlackTeam "Follo 4"]

1. e4 e5 2. Nf3 Nc6 3. Bc4 Nf6 4. O-O Bc5 5. d3 d6 6. Bg5 h6 7. Bh4 g5 8. Bg3
Bg4 9. h3 Bh5 10. Nbd2 Qd7 11. c3 O-O-O 12. b4 Bb6 13. a4 g4 14. hxg4 Bxg4 15.
a5 Nxa5 16. bxa5 Bc5 17. a6 b6 18. Bh4 Bh3 19. Bxf6 Bxg2 20. Bxh8 Qg4 $4 {"Og
sjå på pila no!", som Ole Rolfsrud sier på NRK} ({Både} 20... Qh3) ({og} 20...
Rg8 {er forsert matt!}) 21. Nh2 Qxd1 22. Rfxd1 Rg8 23. Bxf7 Rxh8 24. Kxg2 Rf8
25. Be6+ Kd8 26. Bf5 Rg8+ 27. Kf3 c6 28. Rg1 Rh8 29. Rg7 1-0

[Event "Østlandsserien 2014/2015, 4. div. B"]
[Site "Oslo NOR"]
[Date "2015.02.08"]
[Round "4"]
[White "Lange, Magnus Øyvind"]
[Black "Kran, Ole-Christian Bakken"]
[Result "0-1"]
[WhiteElo "812"]
[BlackElo "891"]
[PlyCount "52"]
[EventDate "2014.11.02"]
[Board "3"]
[WhiteTeam "Follo 4"]
[BlackTeam "OSS 7"]

1. d4 Nf6 2. Nc3 e6 3. e4 Bb4 4. Bg5 h6 5. Bxf6 Qxf6 6. Nf3 Bxc3+ 7. bxc3 b6 8.
e5 Qe7 9. Be2 Bb7 10. O-O O-O 11. Re1 d6 12. Qd3 Ba6 13. c4 Rd8 14. Qe4 Nd7 15.
exd6 cxd6 16. Bd3 Nf6 17. Qe3 Rac8 18. Nd2 d5 19. cxd5 Nxd5 20. Qe4 Bxd3 21.
cxd3 Qf6 22. Nf3 Nb4 23. Re2 Nc2 24. Rd1 Nxd4 25. Nxd4 Qxd4 26. Qb7 Qxd3 0-1